000 00560nam a2200193Ia 4500
999 _c11393
_d11393
003 OSt
005 20191219155614.0
008 190216s9999||||xx |||||||||||||| ||und||
020 _a9788120338272
040 _coclc
082 _a337
_bSAW/I
100 _aSawyer, W Charles
_9561
245 0 _aInternational Economics /
_cW Charles Sawyer ; Richard L Sprinkle
250 _a3rd ed.
260 _bPhi Learning Private Limited,
_c2013.
_aDelhi:
300 _a546p
650 _aEcnomics
942 _cBK
_2ddc
_h337
_iSAW/I
_k337
_mSAW/I